000 00742nam a2200181Ia 4500
008 090124s9999 xx 000 0 und d
082 _b32332
_a216
100 _aदातार प्र. य.
245 _a शाळा न्यायाधिकरण (शालेय कायदा व नियमावली)
250 _a1
260 _c2003
300 _a258
600 _aदातार प्र. य.
630 _a शाळा न्यायाधिकरण (शालेय कायदा व नियमावली)
700 _aदातार प्र. य.
730 _a शाळा न्यायाधिकरण (शालेय कायदा व नियमावली)
942 _cBOOK
999 _c145811
_d145811